| 000 | 01832nam a22002777a 4500 | ||
|---|---|---|---|
| 999 |
_c21948 _d21948 |
||
| 003 | AR-CdUCM | ||
| 008 | 190425b ||||| |||| 00| 0 spa d | ||
| 040 |
_aMUNICIPALIDAD PROVINCIAL DEL CUSCO _cBIBLIOTECA MUNICIPAL DEL CUSCO |
||
| 082 | _aEl historiador/N°03/2011 | ||
| 110 |
_aCarrera profesional de Historia _946959 |
||
| 245 |
_aEl Historiador : _bRevista científica cultural / _cTaller de Historia Andina |
||
| 260 |
_aCusco : _bUNSAAC, _bTaller de Historia Andina, _c2011. |
||
| 300 |
_a238 páginas. : _bilustraciones ; _c29 cm. |
||
| 440 |
_aEl Historiador. _nN°3 semestre 2010-II _946960 |
||
| 500 | _aRevista de la carrera profesional de Historia, cátedra practicas pre profesionales. | ||
| 505 | _aContenido: El papel de la mujer en la América precolombina cultura Maya, Azteca, Inka. -- El Perú a inicios de la colonia. -- El templo de Santa Ana del Cusco en la época colonial siglo XVII. -- La cacica de Acos y el desenvolvimiento de la mujer en las acciones Túpac Amaristas. -- El Taki Onqoy. -- El terremoto de 1950. -- Proceso social y político del Distrito de Santiago 1950-2000, una mirada a la formación de un distrito en el siglo XX. -- Enfoque histórico de las consecuencias socioeconómicas de la reforma agraria en la provincia de Chumbivilcas 1969-1975. -- Industrialización de la hoja de Coca. -- El agua en la cosmovisión andina. -- Ritualidad en los andes Sawasiray, Pitusiray. -- Apu Mama Simona una visión ideológica de resistencia. | ||
| 650 |
_aFolklore cusqueño _98693 |
||
| 650 |
_aIdentidad cultural _92943 |
||
| 650 |
_aJosé María Arguedas _9793 |
||
| 650 |
_aTerremoto 1950 _946961 |
||
| 650 |
_aHistoria del Cusco _91714 |
||
| 650 |
_aCiencias Sociales _91096 |
||
| 710 |
_aUniversidad Nacional de San Antonio Abad del Cusco _915942 |
||
| 942 |
_2ddc _cPP |
||
| 945 | _arac | ||